BSOP header

How my mind has changed / (Record no. 16342)

MARC details
000 -LEADER
fixed length control field 00693nam a2200229 4500
005 - DATE AND TIME OF LATEST TRANSACTION
control field 20180905152217.0
008 - FIXED-LENGTH DATA ELEMENTS--GENERAL INFORMATION
fixed length control field 030804r1991 miu 000 0deng
020 ## - INTERNATIONAL STANDARD BOOK NUMBER
International Standard Book Number 0802805337 :USD
Field link and sequence number .95
245 10 - TITLE STATEMENT
Title How my mind has changed /
Statement of responsibility, etc edited by James M. Wall and David Heim.
260 ## - PUBLICATION, DISTRIBUTION, ETC. (IMPRINT)
Place of publication, distribution, etc Grand Rapids, Michigan :
Name of publisher, distributor, etc W.B. Eerdmans,
Date of publication, distribution, etc c1991.
300 ## - PHYSICAL DESCRIPTION
Extent viii, 184 p. ;
Dimensions 22 cm.
336 ## - CONTENT TYPE
Content Type Term text
337 ## - MEDIA TYPE
Media Type Term unmediated
338 ## - CARRIER TYPE
Carrier Type Term volume
500 ## - GENERAL NOTE
General note Reprints of essays originally published in The Christian Century.
650 #4 - SUBJECT ADDED ENTRY--TOPICAL TERM
Topical term or geographic name as entry element Theologians.
650 #4 - SUBJECT ADDED ENTRY--TOPICAL TERM
Topical term or geographic name as entry element Theology.
951 ## - EQUIVALENCE OR CROSS-REFERENCE-GEOGRAPHIC NAME/AREA NAME [OBSOLETE] [CAN/MARC only]
General subdivision 00004043
700 1# - ADDED ENTRY--PERSONAL NAME
Personal name Heim, David.
700 1# - ADDED ENTRY--PERSONAL NAME
Personal name Wall, James McKendree,
Dates associated with a name 1928-
942 ## - ADDED ENTRY ELEMENTS (KOHA)
Source of classification or shelving scheme Library of Congress Classification
Item type Books
Holdings
Withdrawn status Lost status Damaged status Not for loan Home library Current library Shelving location Date acquired Inventory number Shelving control number Total Checkouts Full call number Barcode Date last seen Price effective from Koha item type Source of classification or shelving scheme Source of acquisition Copy number
        BSOP Library BSOP Library GC 12/21/2000 18086 127   BR85/H83w 00004043 02/23/2013 02/23/2013 Books      
        BSOP Library BSOP Library GC 09/05/2018 42545     BR85 H83w 1960 c.2 00053545 09/05/2018 09/05/2018 Books Library of Congress Classification Donation by Drs. George and Anne Harper c.2
BSOP

Biblical Seminary of the Philippines
  All rights Reserved
  © 2024

CONTACT INFORMATION

Biblical Seminary of the Philippines,
  77-B Karuhatan Road, Valenzuela City,
  PHILIPPINES 1441
  Phone: +632 8292-6795 / 8292-6798
  Fax : +632 8292-6675
  Email: library@bsop.edu.ph